RCD Espanyol Squad 2012-2013 - Statistics

General Stats
  • This quiz has been taken 14 times
  • The average score is 16 of 26
Answer Stats
# Position Nation Player % Correct
9 FW Spain Sergio García
100%
1 GK Argentina Cristian Álvarez
86%
15 DF Mexico Héctor Moreno
86%
- Coach Mexico Javier Aguirre
86%
16 DF Spain Javi López
86%
10 MF Spain Joan Verdú
86%
- Coach Argentina Mauricio Pochettino
86%
4 MF Spain Víctor Sánchez
86%
2 DF Brazil Felipe Mattioni
71%
13 GK Spain Kiko Casilla
71%
3 DF Spain Raúl Rodríguez
71%
20 FW Portugal Simão
71%
8 FW Uruguay Cristhian Stuani
57%
19 DF Argentina Diego Colotto
57%
17 MF Uruguay Juan Albín
57%
6 DF Argentina Juan Forlín
57%
22 MF Ghana Mubarak Wakaso
57%
12 FW Italy Samuele Longo
57%
17 FW Bulgaria Martin Petrov
43%
7 MF Spain Raúl Baena
43%
23 MF Spain Cristian Gómez
29%
14 DF Spain Ernesto Galán
29%
18 DF Spain Joan Capdevila
29%
11 FW Portugal Rui Fonte
29%
5 MF Spain Sergio Tejera
29%
24 MF Spain Christian Alfonso
14%
No matching quizzes found
Score Distribution
Percent of People with Each Score
Percentile by Number Answered
Your Score History
You have not taken this quiz